Evolution de L'industry chimique en 1973

Gorde:
Xehetasun bibliografikoak
Formatua: Liburua
Hizkuntza:Undetermined
Argitaratua: Paris Union Industries Chimiques 1973
Gaiak:
Etiketak: Etiketa erantsi
Etiketarik gabe, Izan zaitez lehena erregistro honi etiketa jartzen!
Thư viện lưu trữ: Trung tâm Học liệu Trường Đại học Cần Thơ
LEADER 00437nam a2200157Ia 4500
001 CTU_82928
008 210402s9999 xx 000 0 und d
082 |a 338.4766 
082 |b E92 
245 0 |a Evolution de L'industry chimique en 1973 
260 |a Paris 
260 |b Union Industries Chimiques 
260 |c 1973 
650 |a Chemical industry 
904 |i QHieu(sửa) 
980 |a Trung tâm Học liệu Trường Đại học Cần Thơ